| 000 | 00697nam a2200217 i 4500 | ||
|---|---|---|---|
| 001 | bg | ||
| 245 | 1 | 0 |
_aUsługi i procedury bankowe / _c[aut. Krzysztof Antoniewicz et al.] ; pod red. Ewy Bogackiej-Kisiel. |
| 260 |
_aWrocław : _bWydaw. Akademii Ekonomicznej im. Oskara Langego, _c2000. |
||
| 300 |
_a636 s. ; _c24 cm. |
||
| 504 | _aBibliogr. | ||
| 650 | 9 |
_aBanki _xorganizacja |
|
| 655 | _aPodręczniki akademickie | ||
| 020 | _a8370114326 | ||
| 040 | _cBPK | ||
| 041 | 0 | _apl | |
| 080 | _a336.71(075.8) | ||
| 920 | _a83-7011-432-6 | ||
| 942 | _cKS | ||
| 008 | s pl f |000 0 pol | ||
| 999 |
_c40826 _d40826 |
||
| 856 |
_uhttp://koha.tu.koszalin.pl/cgi-bin/koha/opac-detail.pl?biblionumber=40826 _yKatalog online BPK |
||